[Event "Biel"]
[Site "Biel"]
[Date "1989.??.??"]
[Round "?"]
[White "De Firmian, Nick E"]
[Black "Polugaevsky, Lev"]
[Result "0-1"]
[WhiteElo "2595"]
[BlackElo "2595"]
[PlyCount "106"]
[EventDate "1989.07.??"]
[Source "ChessBase"]

1. e4 c5 2. Nf3 d6 3. d4 cxd4 4. Nxd4 Nf6 5. Nc3 a6 6. f4 e6 7. Bd3 b5 8. e5 dxe5 9. fxe5 Nd5 10. Nxd5 Qxd5 11. Nf3 Nd7 12. O-O Bb7 13. Qe2 Nc5 14. Kh1 Nxd3 15. cxd3 Be7 16. Bg5 Bxg5 17. Nxg5 O-O 18. a3 h6 19. Nf3 Rac8 20. h3 Rc7 21. Rad1 Rfc8 22. Rd2 Rc1 23. Rxc1 Rxc1+ 24. Kh2 Qc5 25. d4 Qc4 26. Qe3 Rb1 27. Kg3 Qc1 28. Qf2 Bxf3 29. Kxf3 Qh1 30. Kg3 Rf1 31. Qe2 Rf5 32. Rc2 Rg5+ 33. Kf3 Qh2 34. Ke4 Rf5 35. Rd2 Qg3 36. Qe3 Qg6 37. d5 exd5+ 38. Rxd5 Rg5+ 39. Kd4 Rxg2 40. Rd8+ Kh7 41. Rd6 Qf5 42. b4 Rf2 43. Rxa6 Rf3 44. Qe2 Rf4+ 45. Kd5 Rc4 46. Rd6 Qxh3 47. Qxc4 bxc4 48. Kxc4 Qxa3 49. b5 Qa4+ 50. Kc5 Qc2+ 51. Kd5 Qb3+ 52. Kc5 Qc3+ 53. Kd5 Qb4 0-1

[Event "Moscow RUS"]
[Site "?"]
[Date "2005.02.21"]
[Round "7"]
[White "Areshchenko Alexander"]
[Black "Timofeev Artyom"]
[Result "1-0"]
[WhiteElo "2570"]
[BlackElo "2619"]
[PlyCount "153"]
[EventDate "2005.??.??"]
[Source "www.chesslib.no"]
[SourceDate "2004.05.04"]

1. e4 c5 2. Nf3 d6 3. d4 cxd4 4. Nxd4 Nf6 5. Nc3 e6 6. Be3 Nc6 7. f4 e5 8. Nf3 Ng4 9. Qd2 Nxe3 10. Qxe3 exf4 11. Qxf4 Be7 12. Nd5 Be6 13. O-O-O O-O 14. Kb1 Rc8 15. h4 Re8 16. g4 Bf6 17. Nxf6+ Qxf6 18. Qxf6 gxf6 19. Rxd6 Nb4 20. Bb5 Bxa2+ 21. Ka1 Re6 22. Rd4 Nxc2+ 23. Kxa2 Nxd4 24. Nxd4 Rxe4 25. Nf5 Rd8 26. Rc1 a6 27. Bc4 Kh8 28. Bb3 Rf8 29. Rg1 b5 30. h5 a5 31. Nd6 Rd4 32. Nxb5 Rd2 33. Nc3 Rd4 34. h6 Rg8 35. Bxf7 Rdxg4 36. Rf1 Rf8 37. Rxf6 Rg6 38. Rxg6 hxg6 39. Bxg6 Rf6 40. Bd3 Rxh6 41. Ka3 Rh2 42. Bc4 Kg7 43. b3 Rc2 44. Nd5 Kf8 45. Ka4 Ra2+ 46. Kb5 a4 47. bxa4 Ra1 48. a5 Rxa5+ 49. Kxa5 Kf7 50. Kb5 Ke6 51. Kc5 Ke5 52. Bd3 Ke6 53. Kd4 Kf7 54. Ke5 Kg7 55. Ke6 Kf8 56. Kf6 Kg8 57. Ne7+ Kh8 58. Bc4 Kh7 59. Ng6 Kh6 60. Bg8 Kh5 61. Ne5 Kh4 62. Kf5 Kg3 63. Ng4 Kf3 64. Bc4 Kg3 65. Kg5 Kf3 66. Bd3 Kg3 67. Be2 Kh3 68. Kf4 Kg2 69. Bf3+ Kh3 70. Ne3 Kh4 71. Bd1 Kh3 72. Bg4+ Kh2 73. Kf3 Kg1 74. Kg3 Kh1 75. Ng2 Kg1 76. Be2 Kh1 77. Nf4 1-0

[Event "Corr"]
[Site "?"]
[Date "1999.06.30"]
[Round "?"]
[White "Maliangkay Rudolf J.(NED)"]
[Black "Brzozka Stefan (POL)"]
[Result "1-0"]
[WhiteElo "2618"]
[BlackElo "2570"]
[PlyCount "47"]
[EventDate "1999.??.??"]
[Source "www.chesslib.no"]
[SourceDate "2004.05.04"]

1. e4 c5 2. Nf3 e6 3. d4 cxd4 4. Nxd4 Nf6 5. Nc3 d6 6. f4 Nc6 7. Be3 e5 8. Nf3 Ng4 9. Qd2 Nxe3 10. Qxe3 exf4 11. Qxf4 Be7 12. O-O-O O-O 13. Nd5 Ne5 14. h4 Ng4 15. Rd2 Bf6 16. Be2 Be6 17. Rhd1 Rc8 18. Kb1 Bxd5 19. Rxd5 Qb6 20. Nd4 Ne5 21. Rb5 Qc7 22. c3 Ng6 23. Qg4 Ne7 24. h5 1-0